Continental drift: is it a cometary impact phenomenon? /

Bibliographic Details
Main Author: Kelly, Allan O.
Format: Book
Language:English
Published: Carlsbad, Calif., [publisher not identified] ; 1966
Edition:Rev.
Subjects:

MARC

Tag First Indicator Second Indicator Subfields
LEADER 00000cam a2200000 4500
001 in00000048544
005 20151007073520.0
008 760914c19661967cauab 00010 eng
010 |a  67008307  
035 |a (OCoLC)02431750 
035 |9 AAE9862AM 
040 |a DLC  |c AKR  |d TXA  |d UtOrBLW 
049 |a TXAM  |c [476621] 
050 0 |a QE501  |b .K38 
082 0 |a 551.4/1 
092 |a 551.41  |b K29c, 1967 
100 1 |a Kelly, Allan O. 
245 1 0 |a Continental drift: is it a cometary impact phenomenon? /  |c By Allan O. Kelly. 
250 |a Rev. 
264 1 |a Carlsbad, Calif.,  |b [publisher not identified] ;  |c 1966 
264 4 |c [©1967] 
300 |a 100 pages :  |b illustrations, maps (1 folded in pocket) ;  |c 28 cm. 
336 |a text  |b txt  |2 rdacontent 
337 |a unmediated  |b n  |2 rdamedia 
338 |a volume  |b nc  |2 rdacarrier 
650 0 |a Continental drift. 
650 0 |a Comets. 
999 |a MARS 
999 f f |s b30ed857-7857-38f5-a70f-5824a40f60f1  |i a861cbe4-b5f8-3e71-b550-c70dba4f7f85  |t 0 
952 f f |p normal  |a Texas A&M University  |b College Station  |c Sterling C. Evans Library  |d Evans: Library Stacks  |t 0  |e QE501 .K38  |h Library of Congress classification  |i unmediated -- volume  |m A14800951981 
998 f f |a QE501 .K38  |t 0  |l Evans: Library Stacks